| 000 -LEADER |
| fixed length control field |
00525nam a22001697a 4500 |
| 008 - FIXED-LENGTH DATA ELEMENTS--GENERAL INFORMATION |
| fixed length control field |
151130b xxu||||| |||| 00| 0 eng d |
| 020 ## - INTERNATIONAL STANDARD BOOK NUMBER |
| International Standard Book Number |
013008218X |
| 041 0# - LANGUAGE CODE |
| Language code of text/sound track or separate title |
eng |
| 080 ## - UNIVERSAL DECIMAL CLASSIFICATION NUMBER |
| Universal Decimal Classification number |
658.8 |
| 100 1# - Rafti |
| Rafti |
Best, Roger J. |
| 245 10 - TITLE STATEMENT |
| Title |
Market-based management : |
| Statement of responsibility, etc |
Roger J. Best. |
| 250 ## - |
| -- |
3rd ed. |
| 260 ## - |
| -- |
Upper Saddle River, N.J. : |
| -- |
Prentice Hall, |
| -- |
c2004. |
| 300 ## - |
| -- |
xxv, 401 f. : |
| -- |
me ill. ; |
| -- |
24 cm. |
| 650 #0 - |
| -- |
Marketing |
| -- |
Menaxhment |
| 942 ## - ADDED ENTRY ELEMENTS (KOHA) |
| Source of classification or shelving scheme |
|
| Item type |
Books |